000 00596nam a2200217Ia 4500
005 20250508161958.0
008 008 250505s9999 xx 000 0 eng d
020 _a0-85664-932-5
037 _aTextual
040 _aFEDL
_beng
_cFEDL
041 _aeng
_2eng
084 _a371.3, HAR
_qFEDL
100 _aHarris N D C
_9771936
245 0 _aPreparing educational materials
260 _aLondon, UK
_bCroom Helm Ltd
_c1979
300 _a153p.
490 _aNew patterns of learning
650 _aTeaching Techniqe
942 _cTEXL
_h371.3, HAR
999 _c1373625
_d1373625